Logique - Mort Subite #18 - Statistiques

Statistiques générales
  • Ce quiz a été pris 269 fois
  • Le résultat moyen est 15 sur 24
Answers on the Grid
Answers color-coded by a green-red scale on the quiz's grid according to % correct below.
Vague
Soleil
Froid
Sable
Canicule
Tong
Été
Raclette
Couverture
Plage
Automne
Climatisation
Juillet
Tartiflette
Jogging
Vacances
Surf
Hawaii
Perturbation
Bar
Baignade
Chaleur
Boulimie
Villa
Endormir
Moustique
Mer
Brulure
Couette
Assomption
Noël
Étoiles filantes
Jules
Paris 2024
Rentrée scolaire
UV
 
Statistiques - réponses
Réponse % Correct
Soleil
92%
Vague
85%
Été
79%
Sable
76%
Canicule
75%
Juillet
72%
Plage
72%
Tong
71%
Vacances
69%
Chaleur
68%
Surf
67%
Baignade
66%
Climatisation
65%
Hawaii
65%
Mer
64%
UV
64%
Villa
61%
Bar
58%
Brulure
56%
Moustique
56%
Paris 2024
51%
Étoiles filantes
36%
Rentrée scolaire
31%
Assomption
23%
Aucun quiz correspondant
Distribution des résultats
% des personnes avec chaque résultat
Percentile par nombre de réponses
Votre historique - résultats
Vous n’avez pas pris ce quiz